اپنے دل کی حفاظت کیجئے / (Record no. 106302)
[ view plain ]
| 000 -LEADER | |
|---|---|
| fixed length control field | 00887nam a22002417a 4500 |
| 005 - DATE AND TIME OF LATEST TRANSACTION | |
| control field | 20170123162306.0 |
| 010 ## - LIBRARY OF CONGRESS CONTROL NUMBER | |
| LC control number | A-688407 |
| 020 ## - INTERNATIONAL STANDARD BOOK NUMBER | |
| Terms of availability | 25.00 |
| 035 ## - SYSTEM CONTROL NUMBER | |
| System control number | A-688407 |
| 037 ## - SOURCE OF ACQUISITION | |
| Source of stock number/acquisition | Cen Lib/Ret |
| 040 ## - CATALOGING SOURCE | |
| Original cataloging agency | DPL |
| Language of cataloging | UR |
| 082 ## - DEWEY DECIMAL CLASSIFICATION NUMBER | |
| Classification number | 616.12 |
| Item number | چ و پ |
| 100 ## - MAIN ENTRY--PERSONAL NAME | |
| Personal name | چوپڈا ، کے یل |
| 9 (RLIN) | 110227 |
| 245 ## - TITLE STATEMENT | |
| Title | اپنے دل کی حفاظت کیجئے / |
| Statement of responsibility, etc | کے ایل چوپڑا ؛ مترجم نازرددیں مینیی |
| 246 ## - VARYING FORM OF TITLE | |
| Title proper/short title | Apne dil ki hifazat kijiye / |
| Remainder of title | by K.L. Chopda ; translated by Nazeeruddin Minayi |
| 260 ## - PUBLICATION, DISTRIBUTION, ETC. (IMPRINT) | |
| Place of publication, distribution, etc | دہلی |
| Name of publisher, distributor, etc | مقتبہ جامہ لمیٹڈ |
| Date of publication, distribution, etc | 1992 |
| 270 ## - ADDRESS | |
| Address | اردو بازار |
| City | دہلی |
| Postal code | 110006 |
| 300 ## - PHYSICAL DESCRIPTION | |
| Extent | 83p.: |
| Dimensions | 21cm(pbk) |
| Other physical details | col.ill. |
| 650 ## - SUBJECT ADDED ENTRY--TOPICAL TERM | |
| Topical term or geographic name as entry element | دل کی بیماری |
| Form subdivision | |
| 9 (RLIN) | 110228 |
| 650 ## - SUBJECT ADDED ENTRY--TOPICAL TERM | |
| Topical term or geographic name as entry element | Heart disease |
| 9 (RLIN) | 98317 |
| 700 ## - ADDED ENTRY--PERSONAL NAME | |
| Personal name | نازرددیں مینیی |
| 9 (RLIN) | 110229 |
| 942 ## - ADDED ENTRY ELEMENTS (KOHA) | |
| Source of classification or shelving scheme | Dewey Decimal Classification |
| Koha item type | Urdu Bks |
| Classification part | 616.12 |
| Call number suffix | چ و پ |
| Withdrawn status | Lost status | Damaged status | Not for loan | Home library | Current library | Date acquired | Source of acquisition | Cost, normal purchase price | Total Checkouts | Full call number | Barcode | Date last seen | Copy number | Cost, replacement price | Price effective from | Koha item type |
|---|---|---|---|---|---|---|---|---|---|---|---|---|---|---|---|---|
| Central Library | Central Library | 18/12/2015 | Cen Lib/Ret | 25.00 | 616.12 چ و پ | A-688407 | 18/12/2015 | 1 | 25.00 | 18/12/2015 | Urdu Bks |
